| 000 | 00557nam a22001937a 4500 | ||
|---|---|---|---|
| 005 | 20010101070543.0 | ||
| 008 | 010101b xxu||||| |||| 00| 0 eng d | ||
| 020 | _c38.00 | ||
| 040 | _aLoreto College | ||
| 041 | _aEnglish | ||
| 082 |
_a428 _bWBB |
||
| 110 | _aWest Bengal Board of Secondary Education | ||
| 245 |
_aBliss _bEnglish textbook for Class IX Second language _cWest Bengal Board of Secondary Education |
||
| 260 |
_aKolkata _bWBBSE _c2014 |
||
| 300 |
_aix,109p _b22cm |
||
| 650 | _aEnglish teaching textbook | ||
| 850 | _aLCBED | ||
| 942 | _cBK | ||
| 999 |
_c40077 _d90556 |
||